000 00268nam a2200097Ia 4500
082 _aEF NEWM
245 0 _aThe book of unholy mischief : a novel
100 _a NEWMARK, Elle London, 2009
_982480
942 _cBK
008 210817s9999 xx 000 0 und d
999 _c389657
_d389656